Agroindustrias del Noreste, el papel de los actores sociales (Registro nro. 4723)
[ vista simple ]
| 000 -LEADER | |
|---|---|
| fixed length control field | 01137 a2200253 4500 |
| 001 - CONTROL NUMBER | |
| control field | 48786 |
| 005 - DATE AND TIME OF LATEST TRANSACTION | |
| control field | 20260407155754.0 |
| 008 - FIXED-LENGTH DATA ELEMENTS--GENERAL INFORMATION | |
| fixed length control field | 260407a1995 arg spa d |
| 003 - CONTROL NUMBER IDENTIFIER | |
| control field | AR-UNSa-BCEJYS |
| 040 ## - CATALOGING SOURCE | |
| Original cataloging agency | AR-UNSa-BCEJYS |
| Language of cataloging | spa |
| Transcribing agency | AR-UNSa-BCEJYS |
| 080 ## - UNIVERSAL DECIMAL CLASSIFICATION NUMBER | |
| Universal Decimal Classification number | 338.45:631(82) |
| Common auxiliary subdivision | Industrias Agrícolas Argentinas |
| 020 ## - INTERNATIONAL STANDARD BOOK NUMBER | |
| International Standard Book Number | 987-9028-02-3 |
| 041 ## - LANGUAGE CODE | |
| Language code of text/sound track or separate title | spa |
| 100 1# - MAIN ENTRY--PERSONAL NAME | |
| Personal name | Giarracca, Norma |
| 245 10 - TITLE STATEMENT | |
| Title | Agroindustrias del Noreste, el papel de los actores sociales |
| 264 #1 - PRODUCTION, PUBLICATION, DISTRIBUTION, MANUFACTURE, AND COPYRIGHT NOTICE | |
| Place of production, publication, distribution, manufacture | Buenos Aires : |
| Name of producer, publisher, distributor, manufacturer | La Colmena |
| Date of production, publication, distribution, manufacture, or copyright notice | 1995 |
| 300 ## - PHYSICAL DESCRIPTION | |
| Extent | 247 p. |
| Dimensions | 22 cm. |
| 505 ## - FORMATTED CONTENTS NOTE | |
| Formatted contents note | Primera Parte: 1. El sector industrial agroalimentario argentino - 2. Transformación tecnológica en la agroindustria de los alimentos en Argentina - - Segunda Parte: 3. Subsistema lácteo - 4. Subsistema aceites vegetales - 5. Subsistemas arrocero - 6. Subsistema citrícola - 7. La actividad frutícola en el Alto Valle del Río Negro - 8. Reestructuración de las relaciones productivas en la agroindustria regional. |
| 590 ## - LOCAL NOTE (RLIN) | |
| Local note | niveau_biblio:m niveau_hierar:0 |
| 700 1# - ADDED ENTRY--PERSONAL NAME | |
| Personal name | Aparicio, Susana |
| 700 1# - ADDED ENTRY--PERSONAL NAME | |
| Personal name | Gras, Carla |
| 700 1# - ADDED ENTRY--PERSONAL NAME | |
| Personal name | Bertoni, Leandro |
| 942 ## - ADDED ENTRY ELEMENTS (KOHA) | |
| Koha item type | |
| Withdrawn status | Lost status | Damaged status | Not for loan | Home library | Current library | Shelving location | Date acquired | Total checkouts | Full call number | Barcode | Date last seen | Price effective from | Koha item type |
|---|---|---|---|---|---|---|---|---|---|---|---|---|---|
| Biblioteca Prof. Eusebio Cleto del Rey | Biblioteca Prof. Eusebio Cleto del Rey | 07/04/2026 | 338.45:631(82) G435 | L85563 | 07/04/2026 | 07/04/2026 | Libro | ||||||
| Biblioteca Prof. Eusebio Cleto del Rey | Biblioteca Prof. Eusebio Cleto del Rey | 07/04/2026 | 338.45:631(82) G435 | L85566 | 07/04/2026 | 07/04/2026 | Libro | ||||||
| Biblioteca Prof. Eusebio Cleto del Rey | Biblioteca Prof. Eusebio Cleto del Rey | 07/04/2026 | 338.45:631(82) G435 | L85565 | 07/04/2026 | 07/04/2026 | Libro | ||||||
| Biblioteca Prof. Eusebio Cleto del Rey | Biblioteca Prof. Eusebio Cleto del Rey | 07/04/2026 | 338.45:631(82) G435 | L85564 | 07/04/2026 | 07/04/2026 | Libro |